Evolúcia priemyslu 4.0
Identifikácia a vymedzenie základných pojmov z oblasti vývoja priemyslu a novej priemyselnej revolúcie. Objasnenie technológií, ktoré nastupujú s príchodom novej priemyselnej revolúcie Industry 4.0, alebo Smart Industry a ich dôsledky.
Uložené v:
| Hlavný autor: | |
|---|---|
| Ďalší autori: | |
| Médium: | Kapitola |
| Jazyk: | Slovak |
| Predmet: | |
| Tagy: |
Žiadne tagy, Buďte prvý, kto otaguje tento záznam!
|
MARC
| LEADER | 00000naa a2200000 4500 | ||
|---|---|---|---|
| 001 | 0212257 | ||
| 005 | 20240502073535.1 | ||
| 041 | 0 | |a slo | |
| 044 | |a SK | ||
| 245 | 1 | 0 | |a Evolúcia priemyslu 4.0 |c Martina Džubáková, Michal Kopták |
| 520 | |a Identifikácia a vymedzenie základných pojmov z oblasti vývoja priemyslu a novej priemyselnej revolúcie. Objasnenie technológií, ktoré nastupujú s príchodom novej priemyselnej revolúcie Industry 4.0, alebo Smart Industry a ich dôsledky. | ||
| 610 | 2 | 0 | |a revolúcia priemyselná |
| 610 | 2 | 0 | |a evolúcia |
| 610 | 2 | 0 | |a priemysel |
| 610 | 2 | 0 | |a internet |
| 610 | 2 | 0 | |a technológie nové |
| 100 | 1 | |a Džubáková, Martina | |
| 700 | 1 | |a Kopták, Michal | |